Papsturkunden 896-1046 / (Record n. 31811)

Dettagli MARC
000 -LEADER
fixed length control field 01405nam a2200313 i 4500
003 - CONTROL NUMBER IDENTIFIER
control field IT-RoINE
005 - DATE AND TIME OF LATEST TRANSACTION
control field 20200513092120.0
008 - FIXED-LENGTH DATA ELEMENTS--GENERAL INFORMATION
fixed length control field 031003m19881989au r 000 | ger d
020 ## - INTERNATIONAL STANDARD BOOK NUMBER
International Standard Book Number 3700106556 (T. 1)
020 ## - INTERNATIONAL STANDARD BOOK NUMBER
International Standard Book Number 370010717X (T. 2)
020 ## - INTERNATIONAL STANDARD BOOK NUMBER
International Standard Book Number 3700115288 (T. 3)
040 ## - CATALOGING SOURCE
Original cataloging agency PUG
Transcribing agency IT-RoINE
Modifying agency IT-RoINE
245 00 - TITLE STATEMENT
Title Papsturkunden 896-1046 /
Statement of responsibility, etc bearbeitet von Harald Zimmermann.
250 ## - EDITION STATEMENT
Edition statement 2. revidierte Auflage.
260 ## - PUBLICATION, DISTRIBUTION, ETC. (IMPRINT)
Place of publication, distribution, etc Wien :
Name of publisher, distributor, etc Verlag der Österreichischen Akademie der Wissenschaften,
Date of publication, distribution, etc 1984-1989.
300 ## - PHYSICAL DESCRIPTION
Extent 3 v. ;
Dimensions 30 cm
336 ## - CONTENT TYPE
Source rdacontent
Content type term text
337 ## - MEDIA TYPE
Source rdamedia
Media type term unmediated
338 ## - CARRIER TYPE
Source rdacarrier
Carrier type term volume
490 1# - SERIES STATEMENT
Series statement Denkschriften ;
Volume number/sequential designation 174,177,198
490 1# - SERIES STATEMENT
Series statement Veröffentlichungen der Historischen Kommission ;
Volume number/sequential designation 3-5
505 0# - FORMATTED CONTENTS NOTE
Formatted contents note Erster Band: 896-996. 1988 (X, 1-635 p.) -- Zweiter Band: 996-1046. 1989 (P. 637-1182) -- Dritter Band: Register. 1989 (P. XVI, 1183-1564)
610 24 - SUBJECT ADDED ENTRY--CORPORATE NAME
9 (RLIN) 62383
Corporate name or jurisdiction name as entry element Iglesia Católica
General subdivision Historia
Chronological subdivision Siglo 11o.
General subdivision Fuentes
700 1# - ADDED ENTRY--PERSONAL NAME
Personal name Zimmermann, Harald,
Dates associated with a name 1926-
9 (RLIN) 54339
710 2# - ADDED ENTRY--CORPORATE NAME
Corporate name or jurisdiction name as entry element Österreichische Akademie der Wissenschaften (Viena, Austria).
Subordinate unit Philosophisch-historische Klasse‏
9 (RLIN) 62384
830 #0 - SERIES ADDED ENTRY--UNIFORM TITLE
Uniform title Denkschriften (Österreichische Akademie der Wissenschaften) ;
9 (RLIN) 62385
Volume number/sequential designation 174,177,198
830 #0 - SERIES ADDED ENTRY--UNIFORM TITLE
Uniform title Veröffentlichungen der historischen Kommission (Österreichische Akademie der Wissenschaften) ;
9 (RLIN) 62386
Volume number/sequential designation 3-5
942 ## - ADDED ENTRY ELEMENTS (KOHA)
Item type Monografías
Dati di copia
Withdrawn status Lost status Damaged status Not for loan Home library Current library Date acquired Total Checkouts Full call number Barcode Date last seen Price effective from Koha item type Public note
        Iglesia Nacional Española en Roma Iglesia Nacional Española en Roma 12/09/2019   FUE.HIS.ECL 7.1 58382 12/09/2019 12/09/2019 Monografías V. 1: 896-996.
        Iglesia Nacional Española en Roma Iglesia Nacional Española en Roma 12/09/2019   FUE.HIS.ECL 7.2 58383 12/09/2019 12/09/2019 Monografías V. 2: 996-1046.
        Iglesia Nacional Española en Roma Iglesia Nacional Española en Roma 12/09/2019   FUE.HIS.ECL 7.3 58384 12/09/2019 12/09/2019 Monografías V. 3: Register.